[Event "IV Jugando con las Estrellas 2019"]
[Site "Santa Cruz de la Palma"]
[Date "2019.08.11"]
[Round "3.2"]
[White "Ambartsumova, Karina"]
[Black "Kolosowski, Mateusz"]
[Result "1/2-1/2"]
[WhiteElo "2359"]
[BlackElo "2458"]
[Annotator "ChessBase"]
[PlyCount "126"]
[EventDate "2019.08.09"]
[EventType "swiss"]
[EventCountry "ESP"]
[SourceTitle "playchess.com"]
[Source "ChessBase"]
[SourceQuality "1"]
[TimeControl "5400+30"]

1. d4 {[%emt 0:00:00]} Nf6 {[%emt 0:00:00]} 2. Nf3 {[%emt 0:00:00]} g6 {[%emt 0:00:00]} 3. g3 {[%emt 0:00:24]} Bg7 {[%emt 0:01:11]} 4. Bg2 {[%emt 0:02:11]} d5 {[%emt 0:03:34]} 5. O-O {[%emt 0:08:14]} c6 {[%emt 0:01:02]} 6. b3 {[%emt 0:04:00]} O-O {[%emt 0:00:53]} 7. c4 {[%emt 0:01:25]} dxc4 {[%emt 0:02:23]} 8. bxc4 {[%emt 0:00:06]} c5 {[%emt 0:00:07]} 9. Bb2 {[%emt 0:00:05]} cxd4 {[%emt 0:00:55]} 10. Nxd4 {[%emt 0:03:06]} Qb6 {[%emt 0:00:19]} 11. Qb3 {[%emt 0:06:52]} Nfd7 {[%emt 0:02:56]} 12. e3 {[%emt 0:14:03]} Nc5 {[%emt 0:01:26]} 13. Qxb6 {[%emt 0:00:50]} axb6 {[%emt 0:00:03]} 14. Nd2 {[%emt 0:01:16]} Nbd7 {[%emt 0:22:44]} 15. Rfd1 {[%emt 0:13:57]} Ne5 {[%emt 0:09:26]} 16. Bc3 {[%emt 0:12:59]} Ra4 {[%emt 0:18:40]} 17. Nb5 {[%emt 0:02:28]} Bd7 {[%emt 0:03:58]} 18. Bf1 {[%emt 0:01:03]} Bc6 {[%emt 0:05:05]} 19. Bd4 {[%emt 0:08:44]} Ne6 {[%emt 0:07:12]} 20. Nc3 {[%emt 0:04:19]} Ra3 {[%emt 0:01:20]} 21. Nd5 {[%emt 0:01:43]} Bxd5 {[%emt 0:01:17]} 22. cxd5 {[%emt 0:00:01]} Nxd4 {[%emt 0:00:02]} 23. exd4 {[%emt 0:00:12]} Nd7 {[%emt 0:00:20]} 24. Nc4 {[%emt 0:00:35]} Ra4 {[%emt 0:02:07]} 25. d6 {[%emt 0:04:58]} exd6 {[%emt 0:00:23]} 26. Nxd6 {[%emt 0:00:22]} Bxd4 {[%emt 0:06:12]} 27. Bb5 {[%emt 0:06:18]} Bxa1 {[%emt 0:00:33]} 28. Bxa4 {[%emt 0:00:09]} Nc5 {[%emt 0:00:07]} 29. Rxa1 {[%emt 0:00:14]} Nxa4 {[%emt 0:00:02]} 30. Nxb7 {[%emt 0:00:11]} Rb8 {[%emt 0:03:37]} 31. Nd6 {[%emt 0:00:09]} Rd8 {[%emt 0:00:01]} 32. Nb5 {[%emt 0:01:34]} Rd2 {[%emt 0:00:41]} 33. a3 {[%emt 0:01:38]} Rb2 {[%emt 0:00:54]} 34. Nd4 {[%emt 0:01:13]} Kg7 {[%emt 0:02:21]} 35. Re1 {[%emt 0:00:40]} Rd2 {[%emt 0:00:05]} 36. Nb5 {[%emt 0:00:42]} Rb2 {[%emt 0:03:04]} 37. Nd4 {[%emt 0:00:16]} Nc5 {[%emt 0:00:11]} 38. Re3 {[%emt 0:00:27]} Kf6 {[%emt 0:00:37]} 39. h4 {[%emt 0:00:30]} h6 {[%emt 0:00:53]} 40. Kg2 {[%emt 0:00:40]} Nd7 {[%emt 0:00:31]} 41. Nc6 {[%emt 0:00:30]} Rd2 {[%emt 0:00:40]} 42. Rf3+ {[%emt 0:00:41]} Kg7 {[%emt 0:00:13]} 43. Rb3 {[%emt 0:00:33]} Rd6 {[%emt 0:00:14]} 44. Na7 {[%emt 0:00:17]} Kf6 {[%emt 0:01:01]} 45. Rf3+ {[%emt 0:01:07]} Kg7 {[%emt 0:00:19]} 46. Rb3 {[%emt 0:00:19]} f5 {[%emt 0:00:08]} 47. Nc8 {[%emt 0:00:30]} Rc6 {[%emt 0:00:19]} 48. Na7 {[%emt 0:00:17]} Rc2 {[%emt 0:00:41]} 49. Kg1 {[%emt 0:00:47]} g5 {[%emt 0:00:15]} 50. hxg5 {[%emt 0:00:05]} hxg5 {[%emt 0:00:01]} 51. Nb5 {[%emt 0:00:52]} Rc1+ {[%emt 0:00:02]} 52. Kg2 {[%emt 0:00:17]} Nc5 {[%emt 0:01:39]} 53. Rb2 {[%emt 0:00:59]} g4 {[%emt 0:01:16]} 54. Nd4 {[%emt 0:00:13]} Nd3 {[%emt 0:00:29]} 55. Rxb6 {[%emt 0:00:56]} Ne1+ {[%emt 0:00:09]} 56. Kh2 {[%emt 0:00:03]} Kf7 {[%emt 0:00:37]} 57. Rb5 {[%emt 0:00:46]} Rd1 {[%emt 0:00:17]} 58. Rxf5+ {[%emt 0:00:41]} Ke7 {[%emt 0:00:49]} 59. f3 {[%emt 0:00:18]} Rxd4 {[%emt 0:01:22]} 60. Re5+ {[%emt 0:00:02]} Kd6 {[%emt 0:00:27]} 61. Rxe1 {[%emt 0:00:03]} Rd2+ {[%emt 0:00:04]} 62. Kg1 {[%emt 0:00:52]} gxf3 {[%emt 0:00:07]} 63. Re3 {[%emt 0:00:41]} Rg2+ {[%emt 0:00:12]} 1/2-1/2

[Event "IV Jugando con las Estrellas 2019"]
[Site "Santa Cruz de la Palma"]
[Date "2019.08.11"]
[Round "3.3"]
[White "Gutierrez Olivares, Daniel"]
[Black "Minzer, Claudio Javier"]
[Result "1-0"]
[WhiteElo "2320"]
[BlackElo "2448"]
[Annotator "ChessBase"]
[PlyCount "81"]
[EventDate "2019.08.09"]
[EventType "swiss"]
[EventCountry "ESP"]
[SourceTitle "playchess.com"]
[Source "ChessBase"]
[SourceQuality "1"]
[TimeControl "5400+30"]

1. c4 {[%emt 0:00:00]} b6 {[%emt 0:00:00]} 2. Nc3 {[%emt 0:02:07]} Bb7 {[%emt 0:00:16]} 3. e4 {[%emt 0:00:43]} e5 {[%emt 0:01:10]} 4. g3 {[%emt 0:01:56]} Bc5 {[%emt 0:02:10]} 5. Bg2 {[%emt 0:01:43]} Ne7 {[%emt 0:02:08]} 6. Nf3 {[%emt 0:03:49]} Nbc6 {[%emt 0:01:04]} 7. O-O {[%emt 0:03:40]} O-O {[%emt 0:01:55]} 8. Nd5 {[%emt 0:11:51]} d6 {[%emt 0:02:19]} 9. d3 {[%emt 0:07:17]} Nd4 {[%emt 0:03:30]} 10. Be3 {[%emt 0:05:56]} Nxf3+ {[%emt 0:01:44]} 11. Bxf3 {[%emt 0:01:35]} Nc6 {[%emt 0:02:49]} 12. Bg2 {[%emt 0:02:00]} a5 {[%emt 0:03:53]} 13. f4 {[%emt 0:03:44]} Bxe3+ {[%emt 0:01:44]} 14. Nxe3 {[%emt 0:00:03]} Nd4 {[%emt 0:00:30]} 15. Qg4 {[%emt 0:05:16]} f6 {[%emt 0:03:48]} 16. Rf2 {[%emt 0:04:17]} Rb8 {[%emt 0:03:59]} 17. Raf1 {[%emt 0:03:07]} Bc8 {[%emt 0:02:10]} 18. Qh4 {[%emt 0:01:06]} b5 {[%emt 0:03:03]} 19. Kh1 {[%emt 0:03:11]} bxc4 {[%emt 0:03:37]} 20. dxc4 {[%emt 0:03:31]} Be6 {[%emt 0:01:27]} 21. Bh3 {[%emt 0:16:52]} Qd7 {[%emt 0:02:31]} 22. Bxe6+ {[%emt 0:03:46]} Qxe6 {[%emt 0:00:40]} 23. f5 {[%emt 0:00:28]} Qf7 {[%emt 0:01:36]} 24. g4 {[%emt 0:00:54]} h6 {[%emt 0:04:57]} 25. Rg1 {[%emt 0:02:46]} Rb4 {[%emt 0:02:34]} 26. Qg3 {[%emt 0:00:35]} Rfb8 {[%emt 0:00:05]} 27. Rgg2 {[%emt 0:00:17]} a4 {[%emt 0:13:05]} 28. h4 {[%emt 0:00:29]} c6 {[%emt 0:03:46]} 29. Qh3 {[%emt 0:01:17]} Kf8 {[%emt 0:03:40]} 30. g5 {[%emt 0:01:03]} Qh5 {[%emt 0:03:00]} 31. gxf6 {[%emt 0:00:50]} gxf6 {[%emt 0:00:10]} 32. Qg3 {[%emt 0:00:37]} Qf7 {[%emt 0:00:11]} 33. Ng4 {[%emt 0:00:45]} Qg7 {[%emt 0:04:40]} 34. Qe3 {[%emt 0:01:18]} a3 {[%emt 0:01:57]} 35. Qxa3 {[%emt 0:00:21]} h5 {[%emt 0:15:17]} 36. Nxe5 {[%emt 0:00:56]} dxe5 {[%emt 0:02:53]} 37. Rxg7 {[%emt 0:00:15]} Kxg7 {[%emt 0:00:02]} 38. Rg2+ {[%emt 0:00:31]} Kf8 {[%emt 0:00:17]} 39. Qg3 {[%emt 0:00:13]} Rxb2 {[%emt 0:00:21]} 40. Rxb2 {[%emt 0:00:10]} Rxb2 {[%emt 0:00:09]} 41. Qa3+ {[%emt 0:00:41]} 1-0

[Event "IV Jugando con las Estrellas 2019"]
[Site "Santa Cruz de la Palma"]
[Date "2019.08.11"]
[Round "3.4"]
[White "Brito Garcia, Alfredo"]
[Black "Pile, Richard"]
[Result "0-1"]
[WhiteElo "2314"]
[BlackElo "2416"]
[Annotator "ChessBase"]
[PlyCount "102"]
[EventDate "2019.08.09"]
[EventType "swiss"]
[EventCountry "ESP"]
[SourceTitle "playchess.com"]
[Source "ChessBase"]
[SourceQuality "1"]
[TimeControl "5400+30"]

1. d4 {[%emt 0:00:00]} Nf6 {[%emt 0:00:00]} 2. c4 {[%emt 0:00:00]} e6 {[%emt 0:00:00]} 3. Nf3 {[%emt 0:00:00]} b6 {[%emt 0:00:00]} 4. g3 {[%emt 0:00:02]} Ba6 {[%emt 0:00:00]} 5. Nbd2 {[%emt 0:01:36]} Bb4 {[%emt 0:01:09]} 6. Qa4 {[%emt 0:08:32]} c5 {[%emt 0:03:39]} 7. dxc5 {[%emt 0:01:49]} Bxc5 {[%emt 0:00:23]} 8. Bg2 {[%emt 0:06:59]} Bb7 {[%emt 0:00:05]} 9. O-O {[%emt 0:01:00]} O-O {[%emt 0:08:36]} 10. b4 {[%emt 0:03:44]} Be7 {[%emt 0:00:22]} 11. Bb2 {[%emt 0:01:42]} Qc7 {[%emt 0:12:22]} 12. Rac1 {[%emt 0:05:54]} Ne4 {[%emt 0:07:29]} 13. Nxe4 {[%emt 0:07:14]} Bxe4 {[%emt 0:00:06]} 14. Rfd1 {[%emt 0:00:18]} Qb7 {[%emt 0:01:04]} 15. Be5 {[%emt 0:03:10]} Nc6 {[%emt 0:04:48]} 16. Bd6 {[%emt 0:02:38]} Rfd8 {[%emt 0:00:12]} 17. Nh4 {[%emt 0:09:15]} Bxg2 {[%emt 0:10:24]} 18. Nxg2 {[%emt 0:01:25]} Bxd6 {[%emt 0:00:17]} 19. Rxd6 {[%emt 0:00:10]} Qc7 {[%emt 0:00:05]} 20. Rdd1 {[%emt 0:03:56]} d6 {[%emt 0:01:34]} 21. Qb3 {[%emt 0:01:24]} Rac8 {[%emt 0:00:13]} 22. Ne3 {[%emt 0:01:28]} h6 {[%emt 0:08:29]} 23. Qb2 {[%emt 0:01:14]} Qb8 {[%emt 0:00:42]} 24. h4 {[%emt 0:00:44]} a5 {[%emt 0:05:22]} 25. a3 {[%emt 0:01:14]} axb4 {[%emt 0:00:23]} 26. axb4 {[%emt 0:00:10]} b5 {[%emt 0:00:32]} 27. c5 {[%emt 0:03:45]} d5 {[%emt 0:00:27]} 28. Ra1 {[%emt 0:03:38]} d4 {[%emt 0:10:21]} 29. Nf1 {[%emt 0:02:22]} Qb7 {[%emt 0:05:38]} 30. Ra3 {[%emt 0:01:47]} Ne5 {[%emt 0:02:32]} 31. Qa2 {[%emt 0:10:59]} Qe4 {[%emt 0:02:47]} 32. Nh2 {[%emt 0:00:39]} d3 {[%emt 0:00:59]} 33. exd3 {[%emt 0:04:28]} Qxb4 {[%emt 0:00:07]} 34. Rb3 {[%emt 0:03:20]} Qxc5 {[%emt 0:00:44]} 35. Qb1 {[%emt 0:00:28]} Rb8 {[%emt 0:01:32]} 36. d4 {[%emt 0:00:45]} Qd5 {[%emt 0:00:14]} 37. Rc1 {[%emt 0:04:23]} Qxd4 {[%emt 0:04:56]} 38. Rxb5 {[%emt 0:00:42]} Rxb5 {[%emt 0:00:13]} 39. Qxb5 {[%emt 0:00:09]} Nd3 {[%emt 0:00:04]} 40. Rf1 {[%emt 0:00:44]} Qe4 {[%emt 0:01:32]} 41. Qa5 {[%emt 0:01:34]} Rd5 {[%emt 0:00:25]} 42. Qa8+ {[%emt 0:01:37]} Kh7 {[%emt 0:00:06]} 43. Qa2 {[%emt 0:00:11]} Ne1 {[%emt 0:03:05]} 44. f3 {[%emt 0:00:09]} Qe5 {[%emt 0:00:04]} 45. Qf2 {[%emt 0:01:01]} Nd3 {[%emt 0:00:41]} 46. f4 {[%emt 0:01:10]} Qe4 {[%emt 0:02:27]} 47. Qg2 {[%emt 0:00:40]} Qe3+ {[%emt 0:01:46]} 48. Kh1 {[%emt 0:00:12]} Ne1 {[%emt 0:01:53]} 49. Qf2 {[%emt 0:00:40]} Qe4+ {[%emt 0:00:16]} 50. Kg1 {[%emt 0:00:15]} Rd1 {[%emt 0:00:11]} 51. h5 {[%emt 0:01:32]} f5 {[%emt 0:00:26]} 0-1

[Event "IV Jugando con las Estrellas 2019"]
[Site "Santa Cruz de la Palma"]
[Date "2019.08.11"]
[Round "3.5"]
[White "Hernandez Leon, Alberto"]
[Black "Alonso Bouza, Julio Javier"]
[Result "1/2-1/2"]
[WhiteElo "2289"]
[BlackElo "2393"]
[Annotator "NA"]
[PlyCount "22"]
[EventDate "2019.08.09"]
[EventType "swiss"]
[EventCountry "ESP"]
[SourceTitle "playchess.com"]
[Source "ChessBase"]
[SourceQuality "1"]
[TimeControl "5400+30"]

1. d4 {[%emt 0:00:00]} Nf6 {[%emt 0:00:00]} 2. c4 {[%emt 0:00:00]} g6 {[%emt 0:00:00]} 3. Nc3 {[%emt 0:00:00]} Bg7 {[%emt 0:00:00]} 4. e4 {[%emt 0:00:04]} d6 {[%emt 0:00:00]} 5. Be2 {[%emt 0:00:07]} O-O {[%emt 0:00:02]} 6. Nf3 {[%emt 0:00:06]} e5 {[%emt 0:00:13]} 7. O-O {[%emt 0:00:53]} Nbd7 {[%emt 0:01:55]} 8. Be3 {[%emt 0:01:40]} Re8 {[%emt 0:01:06]} 9. d5 {[%emt 0:01:13]} Nh5 {[%emt 0:00:34]} 10. Re1 {[%emt 0:13:13]} Bf8 {[%emt 0:01:20]} 11. b4 {[%emt 0:02:10]} Ng7 {[%emt 0:01:13]} 1/2-1/2

[Event "IV Jugando con las Estrellas 2019"]
[Site "Santa Cruz de la Palma"]
[Date "2019.08.11"]
[Round "3.6"]
[White "Klimentov, Evgeny"]
[Black "Del Rey, Diego"]
[Result "1-0"]
[WhiteElo "2211"]
[BlackElo "2374"]
[Annotator "ChessBase"]
[PlyCount "141"]
[EventDate "2019.08.09"]
[EventType "swiss"]
[EventCountry "ESP"]
[SourceTitle "playchess.com"]
[Source "ChessBase"]
[SourceQuality "1"]
[TimeControl "5400+30"]

1. e4 {[%emt 0:00:00]} d6 {[%emt 0:00:00]} 2. d4 {[%emt 0:00:00]} Nf6 {[%emt 0:00:00]} 3. Nc3 {[%emt 0:00:00]} c6 {[%emt 0:00:00]} 4. f4 {[%emt 0:01:41]} Qa5 {[%emt 0:00:00]} 5. Bd3 {[%emt 0:00:24]} e5 {[%emt 0:00:09]} 6. Nf3 {[%emt 0:00:36]} Bg4 {[%emt 0:00:06]} 7. Bd2 {[%emt 0:05:38]} Bxf3 {[%emt 0:07:05]} 8. Qxf3 {[%emt 0:02:02]} exd4 {[%emt 0:00:32]} 9. Ne2 {[%emt 0:06:12]} Qb6 {[%emt 0:00:06]} 10. e5 {[%emt 0:01:28]} Nd5 {[%emt 0:01:21]} 11. Qe4 {[%emt 0:06:04]} Nd7 {[%emt 0:01:49]} 12. exd6+ {[%emt 0:01:56]} Kd8 {[%emt 0:00:06]} 13. Qxd4 {[%emt 0:07:02]} Qxd4 {[%emt 0:01:20]} 14. Nxd4 {[%emt 0:00:15]} Bxd6 {[%emt 0:00:12]} 15. g3 {[%emt 0:03:38]} Re8+ {[%emt 0:03:26]} 16. Kd1 {[%emt 0:06:12]} Nc5 {[%emt 0:10:18]} 17. Re1 {[%emt 0:01:44]} Rxe1+ {[%emt 0:00:37]} 18. Bxe1 {[%emt 0:01:22]} Nxd3 {[%emt 0:00:41]} 19. cxd3 {[%emt 0:00:08]} Kd7 {[%emt 0:02:23]} 20. Bc3 {[%emt 0:04:22]} g6 {[%emt 0:06:05]} 21. Nf3 {[%emt 0:01:37]} f6 {[%emt 0:00:22]} 22. Kd2 {[%emt 0:00:35]} b5 {[%emt 0:00:45]} 23. Bd4 {[%emt 0:04:41]} Bb4+ {[%emt 0:05:31]} 24. Kc2 {[%emt 0:02:46]} a5 {[%emt 0:05:59]} 25. Nd2 {[%emt 0:04:12]} Re8 {[%emt 0:04:06]} 26. a3 {[%emt 0:01:48]} Bxd2 {[%emt 0:02:35]} 27. Kxd2 {[%emt 0:00:25]} a4 {[%emt 0:00:04]} 28. Rf1 {[%emt 0:02:40]} f5 {[%emt 0:04:16]} 29. Rc1 {[%emt 0:02:11]} Re6 {[%emt 0:01:56]} 30. Rf1 {[%emt 0:01:16]} h5 {[%emt 0:00:42]} 31. h4 {[%emt 0:02:02]} Ne7 {[%emt 0:00:29]} 32. Bc5 {[%emt 0:00:35]} Nd5 {[%emt 0:01:28]} 33. Rb1 {[%emt 0:00:45]} Re8 {[%emt 0:03:23]} 34. Bd4 {[%emt 0:06:09]} Nc7 {[%emt 0:00:13]} 35. Be5 {[%emt 0:00:36]} Ne6 {[%emt 0:02:38]} 36. Kc3 {[%emt 0:03:03]} c5 {[%emt 0:02:34]} 37. d4 {[%emt 0:01:10]} cxd4+ {[%emt 0:05:17]} 38. Bxd4 {[%emt 0:00:09]} Rc8+ {[%emt 0:00:47]} 39. Kd3 {[%emt 0:00:20]} Rc4 {[%emt 0:00:07]} 40. Be3 {[%emt 0:00:33]} Kc6 {[%emt 0:00:20]} 41. b3 {[%emt 0:02:01]} axb3 {[%emt 0:00:05]} 42. Rxb3 {[%emt 0:00:06]} Ra4 {[%emt 0:04:31]} 43. Rc3+ {[%emt 0:00:35]} Kd5 {[%emt 0:00:05]} 44. Rb3 {[%emt 0:02:13]} Kc6 {[%emt 0:02:42]} 45. Rc3+ {[%emt 0:00:22]} Kd6 {[%emt 0:00:11]} 46. Rb3 {[%emt 0:00:18]} Nc7 {[%emt 0:02:32]} 47. Bf2 {[%emt 0:05:35]} Ra6 {[%emt 0:02:55]} 48. Be1 {[%emt 0:01:22]} Kd5 {[%emt 0:01:52]} 49. Bd2 {[%emt 0:01:47]} Rc6 {[%emt 0:00:45]} 50. Ba5 {[%emt 0:00:29]} Ne6 {[%emt 0:05:37]} 51. Rxb5+ {[%emt 0:00:13]} Nc5+ {[%emt 0:00:25]} 52. Ke3 {[%emt 0:01:22]} Re6+ {[%emt 0:00:54]} 53. Kf3 {[%emt 0:00:23]} Kc4 {[%emt 0:00:10]} 54. Rb6 {[%emt 0:01:35]} Re4 {[%emt 0:04:33]} 55. Rxg6 {[%emt 0:00:56]} Nb3 {[%emt 0:00:09]} 56. Bb6 {[%emt 0:00:50]} Re1 {[%emt 0:00:52]} 57. Be3 {[%emt 0:02:05]} Ra1 {[%emt 0:00:15]} 58. Ra6 {[%emt 0:00:47]} Kd3 {[%emt 0:00:15]} 59. Rd6+ {[%emt 0:02:06]} Kc4 {[%emt 0:00:09]} 60. Ra6 {[%emt 0:01:52]} Kd3 {[%emt 0:00:02]} 61. a4 {[%emt 0:00:23]} Rf1+ {[%emt 0:00:04]} 62. Kg2 {[%emt 0:00:33]} Ra1 {[%emt 0:00:21]} 63. Kf2 {[%emt 0:00:24]} Ke4 {[%emt 0:00:25]} 64. Re6+ {[%emt 0:00:08]} Kd3 {[%emt 0:00:06]} 65. Re5 {[%emt 0:00:19]} Rxa4 {[%emt 0:00:32]} 66. Rxf5 {[%emt 0:00:09]} Na1 {[%emt 0:00:38]} 67. Rd5+ {[%emt 0:00:12]} Ke4 {[%emt 0:00:04]} 68. Re5+ {[%emt 0:00:15]} Kd3 {[%emt 0:00:01]} 69. Kf3 {[%emt 0:00:28]} Nc2 {[%emt 0:00:15]} 70. Rd5+ {[%emt 0:00:04]} Kc4 {[%emt 0:00:05]} 71. Rxh5 {[%emt 0:00:02] Kd5 Ke4+} 1-0

[Event "IV Jugando con las Estrellas 2019"]
[Site "Santa Cruz de la Palma"]
[Date "2019.08.11"]
[Round "3.7"]
[White "Roeder, Matthias"]
[Black "Ramirez Medina, Victor"]
[Result "1/2-1/2"]
[WhiteElo "2380"]
[BlackElo "2270"]
[Annotator "NA"]
[PlyCount "53"]
[EventDate "2019.08.09"]
[EventType "swiss"]
[EventCountry "ESP"]
[SourceTitle "playchess.com"]
[Source "ChessBase"]
[SourceQuality "1"]
[TimeControl "5400+30"]

1. Nf3 {[%emt 0:00:00]} d5 {[%emt 0:00:16]} 2. g3 {[%emt 0:00:00]} Nf6 {[%emt 0:00:27]} 3. Bg2 {[%emt 0:00:24]} c6 {[%emt 0:00:17]} 4. O-O {[%emt 0:00:25]} Bf5 {[%emt 0:00:27]} 5. d3 {[%emt 0:01:21]} e6 {[%emt 0:00:30]} 6. Nbd2 {[%emt 0:13:21]} h6 {[%emt 0:01:44]} 7. b3 {[%emt 0:02:30]} Be7 {[%emt 0:01:07]} 8. Bb2 {[%emt 0:00:33]} O-O {[%emt 0:00:38]} 9. c4 {[%emt 0:01:41]} a5 {[%emt 0:01:01]} 10. a3 {[%emt 0:00:06]} Bh7 {[%emt 0:02:49]} 11. Ra2 {[%emt 0:02:19]} Nbd7 {[%emt 0:06:24]} 12. Qa1 {[%emt 0:04:31]} Re8 {[%emt 0:03:33]} 13. Ne5 {[%emt 0:02:08]} Bf8 {[%emt 0:09:47]} 14. Nxd7 {[%emt 0:04:31]} Nxd7 {[%emt 0:00:22]} 15. Bc3 {[%emt 0:01:08]} Nc5 {[%emt 0:07:56]} 16. Rb1 {[%emt 0:16:29]} b5 {[%emt 0:05:53]} 17. cxb5 {[%emt 0:08:28]} cxb5 {[%emt 0:01:18]} 18. Rc1 {[%emt 0:06:00]} Qb8 {[%emt 0:23:34]} 19. b4 {[%emt 0:04:00]} axb4 {[%emt 0:01:47]} 20. Bxb4 {[%emt 0:01:22]} Qa7 {[%emt 0:06:28]} 21. Rcc2 {[%emt 0:11:08]} Nd7 {[%emt 0:09:02]} 22. Bxf8 {[%emt 0:00:06]} Rxf8 {[%emt 0:00:02]} 23. Qc1 {[%emt 0:00:07]} Rfd8 {[%emt 0:00:08]} 24. Rc7 {[%emt 0:00:04]} Qa4 25. Rb2 {[%emt 0:00:13]} Qxa3 26. Rxb5 {[%emt 0:00:01]} Qxc1+ 27. Rxc1 1/2-1/2

[Event "IV Jugando con las Estrellas 2019"]
[Site "Santa Cruz de la Palma"]
[Date "2019.08.11"]
[Round "3.8"]
[White "Martin Hernandez, Ruben"]
[Black "Bressac, Stephane"]
[Result "0-1"]
[WhiteElo "2184"]
[BlackElo "2345"]
[Annotator "NA"]
[PlyCount "100"]
[EventDate "2019.08.09"]
[EventType "swiss"]
[EventCountry "ESP"]
[SourceTitle "playchess.com"]
[Source "ChessBase"]
[SourceQuality "1"]
[TimeControl "5400+30"]

1. e4 {[%emt 0:00:00]} d6 {[%emt 0:00:00]} 2. d4 {[%emt 0:00:40]} Nf6 {[%emt 0:00:00]} 3. Nc3 {[%emt 0:00:24]} e5 {[%emt 0:00:00]} 4. Nf3 {[%emt 0:01:32]} Nbd7 {[%emt 0:00:00]} 5. Bc4 {[%emt 0:00:13]} exd4 {[%emt 0:00:03]} 6. Qxd4 {[%emt 0:01:27]} Be7 {[%emt 0:00:08]} 7. Bf4 {[%emt 0:00:20]} Nb6 {[%emt 0:00:09]} 8. O-O-O {[%emt 0:06:35]} O-O {[%emt 0:00:40]} 9. Bb3 {[%emt 0:01:18]} Be6 {[%emt 0:08:28]} 10. Bxe6 {[%emt 0:17:01]} fxe6 {[%emt 0:00:53]} 11. e5 {[%emt 0:00:34]} Nfd5 {[%emt 0:01:21]} 12. exd6 {[%emt 0:10:51]} cxd6 {[%emt 0:11:42]} 13. Nxd5 {[%emt 0:01:21]} Nxd5 {[%emt 0:00:07]} 14. Bg3 {[%emt 0:03:31]} Bf6 {[%emt 0:00:38]} 15. Qe4 {[%emt 0:00:47]} Re8 {[%emt 0:00:22]} 16. Bh4 {[%emt 0:11:29]} Qa5 {[%emt 0:11:19]} 17. Bxf6 {[%emt 0:14:25]} Nxf6 {[%emt 0:01:02]} 18. Qc4 {[%emt 0:00:02]} Rac8 {[%emt 0:01:35]} 19. Qb3 {[%emt 0:00:07]} Ne4 {[%emt 0:00:28]} 20. Rhe1 {[%emt 0:01:38]} Nc5 {[%emt 0:01:59]} 21. Qa3 {[%emt 0:01:42]} Qxa3 {[%emt 0:05:06]} 22. bxa3 {[%emt 0:00:50]} d5 {[%emt 0:00:07]} 23. Nd4 {[%emt 0:00:32]} Kf7 {[%emt 0:02:10]} 24. Re3 {[%emt 0:04:28]} a6 {[%emt 0:02:18]} 25. Rde1 {[%emt 0:03:17]} e5 {[%emt 0:08:28]} 26. Nf5 {[%emt 0:01:29]} Rc6 {[%emt 0:01:50]} 27. Kd1 {[%emt 0:02:32]} e4 {[%emt 0:02:50]} 28. f3 {[%emt 0:01:04]} Kf6 {[%emt 0:06:16]} 29. Nd4 {[%emt 0:01:35]} Rb6 {[%emt 0:00:10]} 30. Nb3 {[%emt 0:00:38]} Na4 {[%emt 0:01:12]} 31. Kc1 {[%emt 0:02:16]} Rbe6 {[%emt 0:01:22]} 32. Rd1 {[%emt 0:01:07]} Re5 {[%emt 0:07:46]} 33. Rd4 {[%emt 0:06:58]} b5 {[%emt 0:00:10]} 34. f4 {[%emt 0:02:12]} Rf5 {[%emt 0:01:57]} 35. g4 {[%emt 0:00:02]} Rxf4 {[%emt 0:00:07]} 36. Rxd5 {[%emt 0:00:04]} Rxg4 {[%emt 0:00:29]} 37. Nd4 {[%emt 0:00:01]} Rg1+ {[%emt 0:01:07]} 38. Kd2 {[%emt 0:00:02]} Nb2 {[%emt 0:00:19]} 39. Rh3 {[%emt 0:01:47]} e3+ {[%emt 0:01:24]} 40. Ke2 {[%emt 0:00:12]} Rg2+ {[%emt 0:00:29]} 41. Ke1 {[%emt 0:00:18]} h6 {[%emt 0:04:17]} 42. Rd6+ {[%emt 0:01:43]} Ke5 {[%emt 0:02:52]} 43. Rd7 {[%emt 0:01:32]} Nc4 {[%emt 0:01:39]} 44. Rh5+ {[%emt 0:00:52]} Kf6 {[%emt 0:01:50]} 45. Rf5+ {[%emt 0:00:02]} Kg6 {[%emt 0:00:23]} 46. Rff7 {[%emt 0:00:07]} Kh7 {[%emt 0:01:51]} 47. Nf5 {[%emt 0:00:02]} Rg8 {[%emt 0:00:17]} 48. Rfe7 {[%emt 0:00:38]} Nxa3 {[%emt 0:00:52]} 49. Nxe3 {[%emt 0:01:30]} Nxc2+ {[%emt 0:00:10]} 50. Nxc2 {[%emt 0:00:10]} Rxc2 {[%emt 0:00:03]} 0-1

[Event "IV Jugando con las Estrellas 2019"]
[Site "Santa Cruz de la Palma"]
[Date "2019.08.11"]
[Round "3.9"]
[White "Pakleza, Zbigniew"]
[Black "Capote Robayna, Nathaniel"]
[Result "1-0"]
[WhiteElo "2499"]
[BlackElo "2200"]
[Annotator "TA"]
[PlyCount "77"]
[EventDate "2019.08.09"]
[EventType "swiss"]
[EventCountry "ESP"]
[SourceTitle "playchess.com"]
[Source "ChessBase"]
[SourceQuality "1"]

{[%evp 10,77,25,20,40,35,41,34,37,16,33,35,40,31,37,27,14,8,11,12,20,17,25,22,26,17,15,0,0,0,23,0,27,29,40,11,7,7,63,65,64,75,68,0,0,0,0,0,8,8,8,0,0,0,0,0,0,0,15,0,14,14,14,14,29,8,8,8,571,548]} 1. d4 Nf6 2. Nf3 g6 3. e3 Bg7 4. Be2 O-O 5. O-O d6 6. c4 Qe8 {E60: King's Indian: Unusual lines and Fianchetto Variation without Nc3} (6... Nbd7 7. Nc3 e5 8. Qc2 c6 9. b3 Re8 10. Ba3 exd4 11. Nxd4 Nc5 12. Rad1 Qe7 13. b4 Nce4 14. Bb2 Nxc3 15. Qxc3 d5 16. Nb3 Nh5 17. Nd4 Nf6 18. a3 {½-½ (32) Mamedyarov,S (2817)-Nepomniachtchi,I (2763) Wijk aan Zee 2019}) 7. Nc3 e5 8. Re1 $146 ({Predecessor:} 8. b4 a5 9. b5 exd4 10. exd4 b6 11. Re1 Bb7 12. Ba3 Nbd7 13. Rc1 Qd8 14. Na4 {1-0 (42) Dimitrijevic,A (2164)-Evans,B (1942) Novi Sad 2019}) 8... a5 {White is slightly better.} 9. b3 e4 10. Nd2 $1 h5 11. h3 Qe7 12. f3 exf3 13. Nxf3 Bf5 14. Bd3 {[#] Bxf5 is the strong threat.} Be4 $1 15. Ng5 {[%cal Rg5e4]} Bxd3 16. Qxd3 c5 17. Bb2 Nc6 18. Rad1 Rad8 19. Nf3 Rfe8 20. a3 Ne4 21. Nd5 Qd7 22. Qc2 Qf5 23. Ba1 g5 (23... Rc8 $11) 24. Rf1 $14 Ng3 25. Qxf5 Nxf5 26. Nxg5 ({White should try} 26. dxc5 $1 $14 dxc5 27. Nxg5 (27. Bxg7 Kxg7 28. Nxg5 {[%mdl 64] Discovered Attack} Nxe3 $16) 27... Nxe3 28. Nxf7 (28. Rxf7 $2 Bxa1 {[%mdl 64] Overworked Piece} 29. Rxa1 Nxd5 $19) 28... Nxd1 29. Nxd8 Bxa1 30. Rxd1) 26... Nxe3 $11 27. Nxe3 Rxe3 28. Rxf7 Nxd4 29. Rxb7 Rde8 $1 30. Bxd4 Bxd4 31. Kh2 Be5+ 32. Kh1 Bf4 {[#] ( -> ...Re1+)} 33. Nf3 $36 {[%mdl 2048] White has the initiative.} Re2 34. b4 axb4 35. axb4 cxb4 36. Rxb4 {Threatens to win with c5!} Bg3 37. h4 {Threatening Rb5.} R8e4 38. Rb5 {aiming for Rg5+.} Rxc4 $2 {[%mdl 8192]} (38... Rg4 $11 {and Black has nothing to worry.}) 39. Rg5+ {[%mdl 64] Double Attack. Accuracy: White = 45%, Black = 55%.} 1-0